| 000 | 00364nam a22001457a 4500 | ||
|---|---|---|---|
| 003 | SGT | ||
| 020 | _a978-93-272-9645-7 | ||
| 082 |
_a635 _bKAL |
||
| 100 | _aKALITA, MANOJ KUMAR | ||
| 245 | _aDISEASES OF FIELD AND HORTICULTURAL CROPS AND THEIR MANAGEMENT | ||
| 260 |
_aDELHI _bKALYANI _c2023 |
||
| 300 | _a152 | ||
| 650 | _aHORTICULTURAL | ||
| 942 |
_2ddc _cBK _07 |
||
| 999 |
_c25698 _d25698 |
||